000 00568nam a2200229Ia 4500
005 20250505124806.0
008 008 250505s9999 xx 000 0 eng d
037 _aReference
040 _aLCO
_beng
_cLCO
041 _aeng
_2eng
084 _aV2:2:(Z) R3
_qLCO
100 _aJain, M.P.
245 0 _aConstitutional Law
_cM.P. Jain
250 _a18th
260 _aHaryana, India
_bLexisNexis
_c2023
300 _a1701
365 _aINR
_b5995
490 _v1
650 _aLaw
942 _cREF
_hV2:2:(Z) R3
999 _c1310119
_d1310119